Sea of Thieves Islands - Statistiques

Statistiques générales
  • Ce quiz a été pris 105 fois
  • Le résultat moyen est 13 sur 105
Statistiques - réponses
Sea of Thieves Islands % Correct
Plunder Valley
53%
Snake Island
51%
Kraken’s Fall
41%
Port Merrick
41%
Lone Cove
34%
Cannon Cove
32%
Crook's Hollow
31%
Mermaid's Hideaway
31%
Chicken Isle
29%
Devil's Ridge
29%
Shark Bait Cove
29%
Crescent Isle
26%
Avant-poste Plunder
25%
Ruby's Fall
25%
Smuggler's Bay
24%
Thieves Heaven
24%
Wanderers Refuge
24%
Fort of the Damned
22%
Marauder’s Arch
22%
The Crooked Masts
22%
The Reaper's Hideout
22%
Barnacle Cay
21%
The North Star Sea Post
21%
Ashen Reaches
16%
Avant-poste Ancient Spire
16%
Avant-poste Sanctuary
16%
Booty Isle
16%
Discovery Ridge
16%
Old Faithful Isle
16%
Rapier Cay
16%
Sailor's Bounty
16%
Shipwreck Bay
16%
The Devil's Thirst
16%
Avant-poste Galleon’s Grave
15%
Fetcher's Rest
15%
Flintlock Peninsula
15%
Paradise Spring
15%
Sea Dog's Rest
15%
Shark Tooth Key
15%
Avant-poste Dagger Tooth
13%
Boulder Cay
13%
Cutlass Cay
13%
Lagoon of Whispers
13%
Liar’s Backbone
13%
K-9
12%
Lookout Point
12%
Avant-poste Morrow's Peak
10%
Kraken Watchtower
10%
Lonely Isle
10%
Lost Gold Fort
10%
The Sunken Grove
10%
Tri-Rock Isle
10%
Fools Lagoon
9%
Keel Haul Fort
9%
Magma's Tide
9%
Rum Runner Isle
9%
Skull Keep
9%
Tribute Peak
9%
Twin Groves
9%
Black Sand Atoll
7%
Castaway Isle
7%
Flame's End
7%
Hidden Spring Keep
7%
Mutineer Rock
7%
Picaroon Palms
7%
Shark Fin Camp
7%
Isle of Last Words
6%
Sailor's Knot Stronghold
6%
Salty Sands
6%
Stephen's Spoils
6%
Cinder Islet
4%
Forsaken Brink
4%
N-12
4%
Old Salts Atoll
4%
Sandy Shallows
4%
The Crow's Nest Fortress
4%
Ancient Gold Fortress
3%
Cursewater Shores
3%
Imperial Crown Fortress
3%
Molten Sands Fortress
3%
Royal Crest Fortress
3%
Shiver Retreat
3%
The Devil's Roar
3%
The Finest Trading Post
3%
Black Water Enclave
1%
Blind Man’s Lagoon
1%
Brian's Bazaar
1%
Brimstone Rock
1%
Glowstone Cay
1%
Mercy’s End Fortress
1%
Old Brinestone Fortress
1%
Roaring Traders
1%
Scorched Pass
1%
The Glorious Sea Dog Tavern
1%
The Spoil of Plenty Store
1%
Three Paces East Seapost
1%
Plunder’s Plight
0%
Roaring Sands
0%
Scurvy Isley
0%
The Ancient Isles
0%
The Shores of Plenty
0%
The Wilds
0%
The Wild Treasure Store
0%
Traitor’s Fate Fortress
0%
Uncharted Islands
0%
Aucun quiz correspondant
Distribution des résultats
% des personnes avec chaque résultat
Percentile par nombre de réponses
Votre historique - résultats
Vous n’avez pas pris ce quiz